000 00494nam a22001457a 4500
008 140206b xxu||||| |||| 00| 0 eng d
020 _a978-1-4426-4629-2
050 _aB995.L65
100 _aLonergan, Bernard
_98440
245 _aCollected Works of Bernard Lonergan
_bearly works on theological method 3
_cBernard Lonergan
260 _aLondon
_bUniversity of Toronto
_c2013
300 _aviii, 201p. ;
_c25cm.
650 _aTheological, Doctrinal
_xMethodology
_98441
942 _2lcc
_cMONOGRAPH
999 _c119994
_d119994